00000000nam##2200000za#4500
0019.671675
003CaOODSP
00520240703102705
007co |||||||||||
008150407|2009||||xxc    |q  d f### # eng|d
020 |a978-1-100-50330-1
040 |aCaOODSP|beng
041 |aeng
041 |afre
043 |an-cn---
0861 |aA104-79/2009-MRC
1102 |aCanadian Food Inspection Agency.
24510|aNational Avian On-Farm Biosecurity Standard |h[electronic resource]
260 |aOttawa - Ontario : |bCanadian Food Inspection Agency |c[2009].
300 |a1 disc.
5203 |aThe National Avian On-Farm Biosecurity Standard forms the basis of a comprehensive voluntary program designed to provide applicable guidance for owners or managers in all the poultry sectors in Canada. It has been developed as a tool for all people and businesses handling and keeping poultry, including large-scale supply-managed producers, backyard flock owners and other domestic bird keepers.
590 |a11-10|b2011-03-11
7760#|tBiosécurité animale - Norme nationale de biosécurité pour les fermes avicoles |w(CaOODSP)9.671674
792 |tNorme nationale de biosécurité pour les fermes avicoles |efre|w(CaOODSP)9.671676
986 |aCFIA P0677-09-10